000 02906nam a2200313 a 4500
001 BRCA_2812
005 20190320204000.0
008 081208s1905----sp-a---###---#000-0#spa-u
041 _aspa
044 _asp
084 _a258
_b.C33
_c1905
100 1 _aCervantes Saavedra, Miguel de
_d1547-1616
_9213
245 1 0 _aQuijote del Centenario
_bEl Ingenioso Hidalgo Don Quijote de la Mancha
_ccompuesto por Miguel de Cervantes Saavedra.
260 _aMadrid
_bR. L. Cabrera
_c1905
300 _a8 v.
_bil.
_c33 cm.
500 _aConenido : v 1. Primera parte. Retrato de José Jiménez Aranda. Juicio critico de J. R. Mélida. Dedicatoria del autor. Prólogo del autor. Versos preliminares. Texto. -- v 2. Láminas. -- v 3. Texto. -- v 4. Láminas. -- v 5. Segunda parte. Dedicatoria del autor. Prólogo del autor. Texto. -- v 6. Láminas. -- v 7. Texto. -- v 8. Láminas
500 _aEdición : 689 láminas de J. Jiménez Aranda y III de Alpériz, Bilbao, García Ramos, Jiménez, L. Cabrera, Moreno Carbonero, Sorolla, Sala y Villegas, con un juicio crítico de la obra de D. José R Mélida
500 _aProducto de la labor de una parte de la vida de J. Jiménez Aranda, original y notabilísimo dibujante. Su propósito fue hacer una íntegra representación gráfica de la novela, frase por frase, siguiendo el hilo de sus episodios. En efecto, constituyen su labor artística en esta edición 137 dibujos y 552 bocetos, en los cuales escena por escena va representado el contenido de los capítulos de la novela, poniendo al pie de cada lámina las primeras palabras del pasaje a que hace referencia, en español, francés, alemán e inglés. La muerte impidió al artista ver terminada su obra, tal y como la había concebido. Concluyeron la ardua tarea, pero representando tan sólo los pasajes más salientes de los demás capítulos, su hermano Luis, Alpériz y otros, cuyos nombres figuran en el título de esta publicación. De esta suntuosa y magnífica edición, impresa con claros y hermosos tipos y grandes márgenes sobre papel superior, puede decirse que, desde el punto de vista artístico, constituye el más valioso intento de expresión gráfica del Quijote, y una de las ediciones castellanas de la novela en que los artistas españoles han sabido interpretar bien más notables escenas y lugares. Tela roja; lomeras y tapas decoradas con adornos dorados Lúdovik Osterc
500 _aEstado físico : Los volumenes 7 y 8 presentan el lomo ligeramente desprendido
500 _aCon ex-libris de : Luis Bardón
500 _aQM230
650 1 4 _aNovela española
_yÉpoca clásica, 1500-1700
_9215
650 1 4 _aLiteratura española
_yÉpoca clásica, 1500-1700
_9216
650 1 4 _aNovela española
_ySiglo XVII
_9217
650 1 4 _aDon Quijote (Personaje ficticio)
_eNovela
_9218
740 0 _aEl Ingenioso Hidalgo Don Quijote de la Mancha
902 _aQFM
942 _2lcc
_cB
999 _c2552
_d2552